WWE TRIVIA FOR MOTHER - Statistics

General Stats
  • This quiz has been taken 18 times
  • The average score is 10 of 15
Answer Stats
Question Answer % Correct
HOW MANY ELIMINATIONS DOES KANE HOLD IN A ROYAL RUMBLE MATCH 11
100%
WHAT YEAR WAS BRET HART BORN 1957
80%
THE BIG SHOW WAS BRON IN WHAT YEAR 1972
80%
IN WHAT YEAR WAS BETH PHOENIX BORN 1984
80%
WHAT YEAR DID THE UNDERTAKER MAKE HIS DEBUT 1990
80%
IN WHICH YEAR BID BROCK LESNAR THE ROYAL RUMBLE 2003
80%
NICHOLAS NEMETH IS THE CURRENT NAME TO WHICH WWE SUPERSTAR DOLPH ZIGGLER
80%
WILLIAM REGAL IS FROM WHICH COUNTRY ENGLAND
80%
IN WHICH YEAR DID BRET HART WIN HIS FIRST WWE CHAMPIONSHIP 1992
60%
IN WHICH YEAR WAS HHH CROWNED KOTR 1997
60%
WHAT YEAR WAS HULK HOGAN INTRODUCED IN TO THE WWE HALL OF FAME 2005
60%
WHAT YEAR WAS HULK HOGAN BORN 1953
40%
WHAT YEAR WAS REY MYSTERIO BORN 1974
40%
IN WHAT YEAR WAS RYBACK BORN 1981
40%
MACHO MAN DIED IN WHAT YEAR 2011
40%
No matching quizzes found
Score Distribution
Percent of People with Each Score
Percentile by Number Answered
Your Score History
You have not taken this quiz